000
00515nam a2200169Ia 4500
008
090711s9999 xx 000 0 und d
082
_b
65036
100
_a
निसळ शांता
245
_a
स्वर एका स्वराSाा
260
_c
1990
300
_a
184
600
_a
निसळ शांता
630
_a
स्वर एका स्वराSाा
700
_a
निसळ शांता
730
_a
स्वर एका स्वराSाा
942
_c
BOOK
999
_c
299610
_d
299610